000 00906nam a2200205 a 4500
003 0
005 20250411123324.0
008 970101s19uu xx 00 eng d
050 _aPGS HV 551.5.P6
_b.M841 2004
100 _aMorella, Maria Fiona Q.
245 _aTyphoon awareness and disaster preparedness of a squatter community in Las Piñas, Metro Manila /
_cMaria Fiona Q. Morella.
260 _aLas Piñas City, Philippines :
_bSouthville International School and Colleges,
_c2004.
300 _a66 pages :
_billustrations ;
_c28 cm.
504 _aIncludes bibliographical references.
650 _aTyphoons
_zPhilippines
_vPublic opinion.
650 _aDisaster preparedness
_zPhilippines
_vCommunity involvement.
650 _aSquatter settlements—Philippines—Risk management
_zPhilippines
_vRisk management.
650 _aNatural disasters
_vPublic awareness
_zPhilippines.
942 _2lcc
_cPASS
999 _c97030
_d97030